Slovník světových literárních děl / zpracoval kolektiv autorů za vedení Vladimíra Macury
Record details
- ISBN: 80-207-0004-8
- ISBN: 80-207-0948-7
- ISBN: 80-207-0960-6
- Physical Description: 2 sv. ; 24 cm
- Edition: Vyd. 2.
- Publisher: Praha : Odeon, 1989
Content descriptions
| General Note: | 18000 výt. |
| Bibliography, etc. Note: | Obsahuje bibliografii a rejstřík |
| Formatted Contents Note: | 1. A-L. 475 s. -- 2. M-Ž. 459 s. |
Search for related items by subject
| Subject: | světová literatura světoví spisovatelé literární díla world literature world authors literary pieces |
| Genre: | encyklopedie encyclopedias |
Available copies
- 2 of 2 copies available at Common Catalog SPOK.
Holds
- 0 current holds with 2 total copies.
Show All Copies
| Location | Call Number / Copy Notes | Part | Barcode | Shelving Location | Status | Due Date |
|---|---|---|---|---|---|---|
| KDS Library | 80 MaV | 1. A-L | 204576802344 | Library | Available | - |
| KDS Library | 80 MaV | 2. M-Ž | 204576802345 | Library | Available | - |
| LDR | 01654cam a2200481 aa4500 | ||
|---|---|---|---|
| 001 | 21899 | ||
| 003 | CZ-PrJAB | ||
| 005 | 20171228133157.0 | ||
| 007 | ta | ||
| 008 | 141111s1989 xr g e 001 | cze | ||
| 015 | . | ‡acnb002638016 ‡zcnb000051184 ‡zcnb000051185 | |
| 020 | . | ‡a80-207-0004-8 ‡q(soubor) | |
| 020 | . | ‡a80-207-0948-7 ‡q(sv. 1 : ‡qváz.) : ‡cKčs 82,00 | |
| 020 | . | ‡a80-207-0960-6 ‡q(sv. 2 : ‡qváz.) : ‡cKčs 80,00 | |
| 035 | . | ‡a(CZ PrNK)cpk20142638016 | |
| 035 | . | ‡a(OCoLC)39409628 | |
| 035 | . | ‡a(OCoLC)39409643 | |
| 035 | . | ‡a(OCoLC)900134320 | |
| 040 | . | ‡aABA001 ‡bcze ‡dABA001 | |
| 072 | 7. | ‡a821.09 ‡xLiteratura v různých jazycích (o ní) ‡2Konspekt ‡911 | |
| 080 | . | ‡a821(100) ‡2MRF | |
| 080 | . | ‡a821(100)-051 ‡2MRF | |
| 080 | . | ‡a82:081 ‡2MRF | |
| 080 | . | ‡a(031) ‡2MRF | |
| 245 | 0 | 0. | ‡aSlovník světových literárních děl / ‡czpracoval kolektiv autorů za vedení Vladimíra Macury |
| 250 | . | ‡aVyd. 2. | |
| 260 | . | ‡aPraha : ‡bOdeon, ‡c1989 | |
| 300 | . | ‡a2 sv. ; ‡c24 cm | |
| 500 | . | ‡a18000 výt. | |
| 504 | . | ‡aObsahuje bibliografii a rejstřík | |
| 505 | 0 | . | ‡a1. A-L. 475 s. -- 2. M-Ž. 459 s. |
| 650 | 0 | 7. | ‡asvětová literatura ‡7ph116360 ‡2czenas |
| 650 | 0 | 7. | ‡asvětoví spisovatelé ‡7ph126339 ‡2czenas |
| 650 | 0 | 7. | ‡aliterární díla ‡7ph166330 ‡2czenas |
| 650 | 0 | 9. | ‡aworld literature ‡2eczenas |
| 650 | 0 | 9. | ‡aworld authors ‡2eczenas |
| 650 | 0 | 9. | ‡aliterary pieces ‡2eczenas |
| 655 | 7. | ‡aencyklopedie ‡7fd132201 ‡2czenas | |
| 655 | 9. | ‡aencyclopedias ‡2eczenas | |
| 700 | 1 | . | ‡aMacura, Vladimír, ‡d1945-1999 ‡7jk01072821 ‡4aut |
| 910 | . | ‡aABE463 | |
| 964 | . | ‡aliteratura světová - díla literární - encyklopedie | |
| 901 | . | ‡a21899 ‡b ‡c21899 ‡tbiblio | |